000 00198 a2200097 4500
020 _a9788474446340
041 _aspa
100 _aColi Dann
245 _aLos animales del pequeǫ bosque
942 _cK
999 _c28800
_d28800